Les Clubs d'Olivier Giroud - Statistiques

Statistiques générales
  • Ce quiz a été pris 744 fois
    364 depuis la dernière actualisation
  • Le résultat moyen est 6 sur 8
Statistiques - réponses
Réponse % Correct
AC Milan
98%
Chelsea
95%
Arsenal
94%
Montpellier HSC
89%
Los Angeles FC
84%
Grenoble Foot 38
49%
Tours FC
39%
Istres FC
24%
Aucun quiz correspondant
Distribution des résultats
% des personnes avec chaque résultat
Percentile par nombre de réponses
Votre historique - résultats
Vous n’avez pas pris ce quiz depuis la dernière actualisation